[Event "Bosnia 2001"]

[Site "Sarajevo BIH"]

[Date "2001.05.13"]

[Round "1"]

[White "Kozul,Z"]

[Black "Atalik,S"]

[Result "1-0"]

[WhiteElo "2595"]

[BlackElo "2537"]

[EventDate "2001.05.13"]




1. d4 d5 2. c4 c6 3. e3 Bf5 4. Nc3 e6 5. g4 Bg6 6. h4 h5 7. g5 Nd7 8. Nge2

Bd6 9. Qb3 Ne7 10. Bg2 Qa5 11. Bd2 Qa6 12. cxd5 cxd5 13. Nb5 Bb8 14. a4 O-O

15. Bb4 Re8 16. Bxe7 Rxe7 17. O-O Qa5 18. Rfc1 Re8 19. Qc3 Qb6 20. Bf3 Nf8

21. Qc5 Qa6 22. Rc3 Nd7 23. Qb4 Nb6 24. b3 Nc8 25. Nc7 Bxc7 26. Rxc7 Nd6

27. Nf4 Nf5 28. Be2 Qd6 29. Qxd6 Nxd6 30. Rac1 Rab8 31. Kh2 Nf5 32. Kh3 e5

33. dxe5 Rxe5 34. R1c5 Rbe8 35. Bb5 R8e7 36. Rc8+ Kh7 37. Nxd5 R7e6 38. Nf4

Rxc5 39. Rxc5 Re7 40. Rd5 Rc7 41. Nxg6 fxg6 42. Bc4 1-0

[Event "Bosnia 2001"]

[Site "Sarajevo BIH"]

[Date "2001.05.14"]

[Round "2"]

[White "Atalik,S"]

[Black "Topalov,V"]

[Result "0-1"]

[WhiteElo "2537"]

[BlackElo "2707"]

[EventDate "2001.05.13"]




1. d4 Nf6 2. c4 e6 3. Nf3 d5 4. Nc3 dxc4 5. e3 a6 6. Bxc4 b5 7. Bb3 Bb7 8.

O-O c5 9. Qe2 Nbd7 10. Rd1 Qb8 11. d5 Nxd5 12. Bxd5 Bxd5 13. Nxd5 exd5 14.

Rxd5 Qb7 15. e4 Be7 16. Bg5 f6 17. Rad1 Nb6 18. Bf4 O-O 19. R5d2 Rfe8 20.

e5 Bf8 21. Qd3 Nc4 22. Re2 fxe5 23. Bxe5 Nxe5 24. Nxe5 c4 25. Qf5 Qe7 26.

Re3 Rad8 27. Rde1 Qe6 28. Qxe6+ Rxe6 29. Nxc4 Rc6 30. Ne5 Rc2 31. Rb3 Rdd2

32. g3 Rxf2 0-1

[Event "Bosnia 2001"]

[Site "Sarajevo BIH"]

[Date "2001.05.16"]

[Round "4"]

[White "Atalik, S."]

[Black "Sokolov, I."]

[Result "0-1"]


[WhiteElo "2537"]

[BlackElo "2659"]

[PlyCount "93"]

[EventDate "2001.05.13"]



1. d4 d5 2. c4 c6 3. Nf3 Nf6 4. Nc3 dxc4 5. a4 Bf5 6. Ne5 Nbd7 7. Nxc4 Nb6 8.

Ne5 a5 9. f3 Nfd7 10. Nxd7 Nxd7 11. e4 Bg6 12. Be3 Qb6 13. Qd2 e5 14. h4 exd4

15. Bxd4 Bc5 16. O-O-O O-O-O 17. g3 f6 18. Bh3 Bxd4 19. Qxd4 Qxd4 20. Rxd4 Kc7

21. Rxd7+ Rxd7 22. Bxd7 Kxd7 23. h5 Bf7 24. h6 g6 25. Kc2 Ke7 26. e5 g5 27.

exf6+ Kxf6 28. Rd1 Bg6+ 29. Kb3 Ke7 30. f4 gxf4 31. gxf4 Rf8 32. Rf1 Rf6 33.

Kc4 b6 34. Kd4 Rd6+ 35. Ke5 Re6+ 36. Kd4 Kf6 37. Rf2 Rd6+ 38. Ke3 Rd3+ 39. Ke2

Rh3 40. Kf1 Rxh6 41. Rd2 Ke7 42. Kg2 Bf5 43. Ne2 Be4+ 44. Kf2 Rh2+ 45. Ke3 Bd5

46. Rd1 Rh3+ 47. Kd4 0-1

[Event "Bosnia 2001"]

[Site "Sarajevo BIH"]

[Date "2001.05.19"]

[Round "6"]

[White "Kurajica, B."]

[Black "Atalik, S."]

[Result "1/2-1/2"]


[WhiteElo "2567"]

[BlackElo "2537"]

[PlyCount "108"]

[EventDate "2001.05.13"]



1. Nf3 Nf6 2. g3 g6 3. b3 Bg7 4. Bb2 c5 5. c4 b6 6. Bg2 Bb7 7. O-O O-O 8. e3 d5

9. cxd5 Nxd5 10. Bxg7 Kxg7 11. d4 Na6 12. Qe2 cxd4 13. Nxd4 e5 14. Nb5 Qe7 15.

Rd1 Rfd8 16. Nd2 Nac7 17. Nxc7 Qxc7 18. Rac1 Qe7 19. Nc4 f6 20. Rd2 Rd7 21. Bh3

Rdd8 22. e4 Nb4 23. Rcd1 Rxd2 24. Qxd2 Rf8 25. Nd6 Nc6 26. f4 Ba8 27. fxe5 fxe5

28. Nc4 b5 29. Ne3 Nd4 30. Bg2 Qc5 31. b4 Qb6 32. Kh1 h5 33. Nc2 Rd8 34. Qg5

Qf6 35. Qd2 Bc6 36. Rf1 Qe7 37. Qc3 Nxc2 38. Qxc2 Bb7 39. a3 Rd4 40. Qe2 a6 41.

h4 Qd7 42. Qf2 Qe7 43. Kh2 Bc6 44. Rc1 Qd6 45. Qe3 Rc4 46. Qa7+ Qd7 47. Qe3 Qd4

48. Qg5 Rxc1 49. Qxc1 Bxe4 50. Qc7+ Kf6 51. Bxe4 Qxe4 52. Qd6+ Kf7 53. Qd7+ Kf6

54. Qd6+ Kf7 1/2-1/2